Visualizzazione normale
Vista MARC
di Personal Name
Records bibliografici associati: 1
001 - CONTROL NUMBER
- control field: 15338
003 - CONTROL NUMBER IDENTIFIER
- control field: IT-RoPau
005 - DATE AND TIME OF LATEST TRANSACTION
- control field: 20140304160112.0
008 - FIXED-LENGTH DATA ELEMENTS
- fixed length control field: 140304|| aca||aabn | a|a d
040 ## - CATALOGING SOURCE
- Original cataloging agency: IT-RoPau
- Transcribing agency: IT-RoPau
100 ## - HEADING--PERSONAL NAME
- Personal name:
- Miscellaneous information: Codice autore testo SPICS: 5358
670 ## - SOURCE DATA FOUND
- Source citation: Work cat.: (IT-RoPau)98904: Iannuzzi Vincenzo 431, Vita il dono più grande (La)